International Law & human Right (Record no. 28580)
[ view plain ]
| 000 -LEADER | |
|---|---|
| fixed length control field | 00213nam a2200085Ia 4500 |
| 008 - FIXED-LENGTH DATA ELEMENTS--GENERAL INFORMATION | |
| fixed length control field | 170620s9999 xx 000 0 und d |
| 100 ## - MAIN ENTRY--PERSONAL NAME | |
| Personal name | Kapoor - S.K. |
| 245 #0 - TITLE STATEMENT | |
| Title | International Law & human Right |
| 260 ## - PUBLICATION, DISTRIBUTION, ETC. | |
| Name of publisher, distributor, etc. | Central Law Agency |
| 260 ## - PUBLICATION, DISTRIBUTION, ETC. | |
| Date of publication, distribution, etc. | 2000 |
| Withdrawn status | Lost status | Source of classification or shelving scheme | Damaged status | Not for loan | Home library | Current library | Date acquired | Total Checkouts | Total Renewals | Barcode | Date last seen | Date last checked out | Price effective from | Koha item type |
|---|---|---|---|---|---|---|---|---|---|---|---|---|---|---|
| IIMT University College of Law | IIMT University College of Law | 06/29/2017 | 4 | 1 | 04-B-674 | 09/25/2019 | 09/24/2019 | 06/29/2017 | Text-Book- for 7 days | |||||
| IIMT University College of Law | IIMT University College of Law | 06/29/2017 | 04-B-675 | 06/29/2017 | 06/29/2017 | Text-Book- for 7 days |

